[Event "SVR-ch HT 29th"]
[Site "Koblenz"]
[Date "2006.04.14"]
[Round "6"]
[White "Benz, Peter"]
[Black "Decrouppe, Johann"]
[Result "0-1"]
[WhiteElo "1261"]
[BlackElo "1593"]
[PlyCount "96"]
[EventDate "2006.04.08"]
[EventType "swiss"]
[EventRounds "7"]
[EventCountry "GER"]
[SourceTitle "EXT 2009"]
[Source "ChessBase"]
[SourceDate "2008.11.26"]
[SourceVersion "1"]
[SourceVersionDate "2008.11.26"]
[SourceQuality "1"]

1. d4 g6 2. e3 Bg7 3. Nf3 Nf6 4. Bd3 0-0 5. 0-0 b6 6. c4 d6 7. Nc3 Bb7 8. b3 Nbd7 9. Bb2 e5 10. Bc2 Re8 11. d5 a6 12. e4 Bc8 13. h3 Nc5 14. b4 Nb7 15. a4 Nh5 16. Ne2 Rf8 17. Bc3 f5 18. Bd2 a5 19. bxa5 Nxa5 20. Bxa5 Rxa5 21. Nh2 fxe4 22. Bxe4 Nf6 23. Ng3 Bd7 24. f4 exf4 25. Rxf4 Nxe4 26. Rxf8+ Qxf8 27. Nxe4 Bxa1 28. Qxa1 Qg7 29. Qf1 Qd4+ 30. Nf2 Rxa4 31. Nf3 Qg7 32. Kh2 Ra8 33. Ne4 Rf8 34. Qe2 Bf5 35. Neg5 Qf6 36. Qe1 h6 37. Ne4 Bxe4 38. Qxe4 Qf4+ 39. Qxf4 Rxf4 40. Nd2 Rd4 41. Nf3 Rxc4 42. Kg1 b5 43. Kf1 Rf4 44. Ke2 Kf7 45. Kd3 Kf6 46. Nd4 Rxd4+ 47. Kxd4 Kf5 48. g3 g5 0-1

[Event "SVR-ch HT 29th"]
[Site "Koblenz"]
[Date "2006.04.08"]
[Round "1"]
[White "Senger, Alexander"]
[Black "Benz, Peter"]
[Result "0-1"]
[WhiteElo "1629"]
[BlackElo "1261"]
[PlyCount "152"]
[EventDate "2006.04.08"]
[EventType "swiss"]
[EventRounds "7"]
[EventCountry "GER"]
[SourceTitle "EXT 2009"]
[Source "ChessBase"]
[SourceDate "2008.11.26"]
[SourceVersion "1"]
[SourceVersionDate "2008.11.26"]
[SourceQuality "1"]

1. e4 e5 2. Nf3 d6 3. Nc3 g6 4. Bc4 Bg7 5. d3 Nf6 6. Bg5 Nbd7 7. d4 0-0 8. dxe5 dxe5 9. Qe2 Qe7 10. 0-0-0 h6 11. Nd5 Qd8 12. Bh4 c6 13. Nxf6+ Bxf6 14. Bg3 Qe7 15. Nd2 b5 16. Bb3 Nc5 17. f4 exf4 18. Bxf4 Bg7 19. g4 Qf6 20. c3 Qxf4 21. h3 Nxb3+ 22. axb3 Be6 23. Qg2 a5 24. Rhf1 Qe5 25. Rde1 b4 26. Nf3 Qc5 27. c4 a4 28. bxa4 Qxc4+ 29. Qc2 Qxc2+ 30. Kxc2 b3+ 31. Kc1 Rxa4 32. e5 Rd8 33. Kb1 h5 34. Ng5 hxg4 35. Nxe6 fxe6 36. hxg4 Rd2 37. Rf3 Bxe5 38. Rxb3 Ra5 39. Rb6 Rd6 40. Rc1 c5 41. Rb7 Rc6 42. Rc4 Ra8 43. b4 Rac8 44. b5 R6c7 45. Rb6 Kf7 46. Re4 Kf6 47. Kc2 c4 48. Ra6 Rb7 49. b6 Rc6 50. Ra5 Bg3 51. Rb5 Rbxb6 52. g5+ Ke7 53. Rxb6 Rxb6 54. Rxc4 Rd6 55. Rg4 Be5 56. Re4 Bg7 57. Kb3 e5 58. Re2 Ke6 59. Rf2 e4 60. Kc2 e3 61. Re2 Kf5 62. Rxe3 Kxg5 63. Rg3+ Kh4 64. Rg1 Kh3 65. Rh1+ Kg2 66. Rh7 Rd7 67. Kb3 g5 68. Rh5 g4 69. Rg5 Kg3 70. Kc4 Kh4 71. Rg6 Kh5 72. Ra6 Bh6 73. Kc5 Rg7 74. Ra2 g3 75. Rg2 Kh4 76. Kd4 Kh3 0-1